Role of municipal finances in urban amenities: a case study of Mandi Gidderbaha (Record no. 2081)

000 -LEADER
fixed length control field 01004pab a2200181 454500
008 - FIXED-LENGTH DATA ELEMENTS--GENERAL INFORMATION
fixed length control field 180718b xxu||||| |||| 00| 0 eng d
100 ## - MAIN ENTRY--PERSONAL NAME
Personal name Ghuman, Ranjit Singh
245 ## - TITLE STATEMENT
Title Role of municipal finances in urban amenities: a case study of Mandi Gidderbaha
520 ## - SUMMARY, ETC.
Summary, etc. It is a case study of Mandi Gidderbaho, a small town of Fridkot district in Punjab. The rapid growth of urbanisation has increased the responsibility of the municipalities in providing basic public amenities: In this article author studies the role of municipal finances in providing urban amenities to the residents. The aim is to study: (a). the various sources of revenue of the municipal committee of the Mandi; and (b). the utilisation of the revenue with special reference to public amenities
650 ## - SUBJECT ADDED ENTRY--TOPICAL TERM
Topical term or geographic name entry element Mandi Gidderbaha
650 ## - SUBJECT ADDED ENTRY--TOPICAL TERM
Topical term or geographic name entry element Case Study
650 ## - SUBJECT ADDED ENTRY--TOPICAL TERM
Topical term or geographic name entry element Punjab
650 ## - SUBJECT ADDED ENTRY--TOPICAL TERM
Topical term or geographic name entry element Municipal Finance
650 ## - SUBJECT ADDED ENTRY--TOPICAL TERM
Topical term or geographic name entry element Municipal Finance - India - Punjab
700 ## - ADDED ENTRY--PERSONAL NAME
Personal name Santosh, Rani Jindal
773 ## - HOST ITEM ENTRY
Main entry heading Nagarlok
909 ## -
-- 2081
Holdings
Withdrawn status Lost status Damaged status Not for loan Permanent Location Current Location Date acquired Serial Enumeration / chronology Barcode Date last seen Price effective from Koha item type
        Indian Institute of Public Administration Indian Institute of Public Administration 2018-07-19 Issue no: 23(3), Jul.-Sep.91, p.90-102 AR2081 2018-07-19 2018-07-19 Articles

Powered by Koha